Devinez le club de football grâce au logo des Ultras #1 - Statistiques

Statistiques générales
  • Ce quiz a été pris 353 fois
    56 depuis la dernière actualisation
  • Le résultat moyen est 7 sur 14
Statistiques - réponses
Hint Réponse % Correct
71%
65%
65%
62%
56%
53%
53%
47%
44%
44%
41%
38%
35%
32%
Aucun quiz correspondant
Distribution des résultats
% des personnes avec chaque résultat
Percentile par nombre de réponses
Votre historique - résultats
Vous n’avez pas pris ce quiz depuis la dernière actualisation